000 01719nam a2200445 c 4500
001 53297
003 ES-MaCES
005 20250203133055.0
007 cr |||||||||||
008 240801s2021 sz |||||rt i||| ||spa
020 _a9789220350522 (pdf web)
040 _aES-MaCES
_bspa
_cES-MaCES
041 1 _aspa
_heng
245 0 0 _aInforme mundial sobre la protección social 2020-2022
_hRecurso electrónico
_b: la protección social en la encrucijada: en busca de un futuro mejor
_cOficina Internacional del Trabajo
250 _a1ª ed
260 _aGinebra
_bOIT
_c2021
300 _a1 documento pdf
_c(17,5 mb)
500 _aPubl. en inglés, bajos el tít.: World social protection report 2020–2022: social protection at the crossroads : in pursuit of a better future,
504 _aBibliografía: p. 313-341
541 _cGratuito
650 4 _aprotección social
_929076
650 4 _aseguridad social
_927034
650 4 _apolítica social
_927029
650 4 _aCovid-19
_939751
650 4 _apérdida económica
_927101
650 4 _arégimen universal de prestaciones
_930153
650 4 _apolítica familiar
_930329
650 4 _apolítica sanitaria
_929366
650 4 _aasistencia a las personas de edad avanzada
_927061
650 4 _aderechos de los trabajadores
_929924
650 4 _afuturo del trabajo
_930756
650 4 _a2020-2022
_941126
650 4 _ainforme
_928986
653 1 0 _aSeguridad Social
710 2 _94718
_aOrganización Internacional del Trabajo
740 0 2 _aWorld social protection report 2020–2022
856 4 _uhttp://biblioteca.ces.es/repintra/B53297.pdf
_ytexto completo
_z[intranet]
902 _aELE PUB. ELECTRONICA
942 _2CES
_cBK
_h3.0.
999 _c53297
_d53297